Celebrities With "J" Names by Picture #2 - Statistics

General Stats
  • This quiz has been taken 132 times
  • The average score is 13 of 23
Answer Stats
Picture Answer % Correct
Joe Biden
93%
Johnny Depp
92%
Jennifer Aniston
91%
John F. Kennedy
87%
John Lennon
76%
Jamie Foxx
75%
Joseph Stalin
70%
Joe Jonas
58%
Johnny Cash
58%
Jenna Ortega
57%
John Wayne
56%
Jake Paul
53%
Joe Pesci
50%
Joe Rogan
49%
John Quincy Adams
45%
John Adams
44%
John Goodman
42%
John Stamos
40%
John Cusack
39%
Johnny Carson
36%
Jennifer Love-Hewitt
34%
Johnny Knoxville
31%
Jimmy Donaldson
13%
No matching quizzes found
Score Distribution
Percent of People with Each Score
Percentile by Number Answered
Your Score History
You have not taken this quiz